|
|
|
|
| LEADER |
01203nam a22003251a 4500 |
| 001 |
000035029 |
| 003 |
11289 |
| 005 |
20221128152217.0 |
| 008 |
151028s2012 000 eng |
| 040 |
|
|
|a LNN
|
| 041 |
|
|
|a eng
|
| 082 |
|
|
|a 420.4
|b ĐĂ-N
|
| 100 |
|
|
|a Đặng Thúy Nga
|
| 245 |
|
0 |
|a Intentional Violations Of Conversational Maxim To Peform Indirect Refusals ( A Contrastive Study In English And Vietnamese) /
|c Đặng Thúy Nga.
|
| 260 |
|
|
|c 2012.
|
| 300 |
|
|
|a 74tr:ill.
|
| 650 |
|
|
|a Đặng Thúy Nga, 2012,Peform Indirect Refusals ( A Contrastive Study In English And Vietnamese)
|
| 852 |
|
|
|c Luận văn Thạc sĩ
|
| OWN |
|
|
|a LNN
|
| AVA |
|
|
|a UDN50
|b LNN
|c English
|d 420.4 ĐĂ-N
|e available
|t Error 5001 Not defined in file expand_doc_bib_avail.
|f 1
|g 0
|h N
|i 0
|j AN
|k 1
|
| 999 |
|
|
|a From the UDN01
|
| AVA |
|
|
|a UDN50
|b LNN
|c English
|d 420.4 ĐĂ-N
|e available
|t Error 5001 Not defined in file expand_doc_bib_avail.
|f 1
|g 0
|h N
|i 0
|j AN
|k 1
|
| TYP |
|
|
|a Monograph
|
| TYP |
|
|
|a Printed language
|
| 980 |
|
|
|a Mạng thư viện Đại học Đà Nẵng
|